000 01297nam a2200361 a 4500
001 82146
003 BD-RjUL
005 20231017151648.0
008 231017t20222022nyu 001 0 eng
020 _a9780367678319
_q(paperback)
020 _a9780367678326
_q(hardback)
020 _z9781003133049
_q(ebook)
035 _a(BD-RjUL)82146
040 _aDLC
_beng
_cDLC
_erda
_dBD-RjUL
041 _aeng
082 0 0 _223
_a792.025
_bROS 2022
100 1 _aRoth, Emily,
_eauthor.
_99632
245 1 0 _aStage management basics :
_ba primer for performing arts stage managers /
_cEmily Roth, Jonathan Allender-Zivic, Katy McGlaughlin.
250 _aSecond edition.
264 1 _aNew York :
_bRoutledge,
_c2022.
264 4 _c©2022
300 _a243 pages :
_bIllustrations;
_c28 cm.
336 _atext
_btxt
_2rdacontent
337 _aunmediated
_bn
_2rdamedia
338 _avolume
_bnc
_2rdacarrier
500 _aIncludes index.
650 0 _aStage management
_vHandbooks, manuals, etc.
_99633
700 1 _aAllender-Zivic, Jonathan,
_eauthor.
_99634
700 1 _aMcGlaughlin, Katy,
_eauthor.
_99635
776 0 8 _iOnline version:
_aRoth, Emily.
_tStage management basics.
_bSecond edition
_dNew York : Routledge, 2022
_z9781003133049
_w(DLC) 2021027472
942 _2ddc
_cBK
999 _c82146
_d82146